000
00329 a2200121 4500
001
ART_57022
005
20260410162049.0
008
260409a
245
1
0
_a
Actualidad tributaria
100
1
_a
Dalmasio, Adalberto Raúl
700
1
_a
Baldo, Alberto
773
0
_t
Impuestos
_g
- N° 130 (ago. 2022)
_w
REV45175
999
_c
35632
_d
35632